Movie by Object Quiz Stats

 Plays Quiz Updated Aug 16, 2014

Support Sporcle.
Go Orange.
Score 0/20 Timer 05:00
2 Plays Today
% Correct
Back to the Future
96%
Indiana Jones franchise
95.8%
The Lord of the Rings franchise
95.4%
The Wizard of Oz
94.6%
The Silence of the Lambs
89.2%
Cast Away
88.5%
Jaws
84.8%
Star Wars franchise
84.7%
Beauty and the Beast
84.2%
Harry Potter franchise
81.1%
% Correct
Big
77.1%
Friday the 13th franchise
75.2%
Ghostbusters
67.7%
Citizen Kane
61.3%
A Christmas Story
59.9%
The Maltese Falcon
55.3%
Men in Black
54.4%
This is Spinal Tap
47.2%
2001: A Space Odyssey
43.5%
The Princess Bride
33.6%

You're not logged in!

Compare scores with friends on all Sporcle quizzes.
OR
Log In

From the Vault

Odd One Out: Synonym Blitz

by emilymarie07

Synonym or antonym? This quiz has both!
Remove Ads.
Support Sporcle.
Get the best of Sporcle when you Go Orange. This ad-free experience offers more features, more stats, and more fun while also helping to support Sporcle. Thank you for becoming a member.

Show Comments

Extras

Top Quizzes Today


Score Distribution

Your Account Isn't Verified!

In order to create a playlist on Sporcle, you need to verify the email address you used during registration. Go to your Sporcle Settings to finish the process.

Report this User

Report this user for behavior that violates our Community Guidelines.

Details: